000
00447nam a2200145Ia 4500
008
151213s9999 xx 000 0 und d
100
_a
মাজদ মাহমুদ
245
_a
শ্রেষ্ঠ কবিতা
_c
মাজদ মাহমুদ
260
_a
ঢাকা
_b
আদর্শ।
_c
2010
300
_a
8439 p.
650
_a
Bangla
650
_a
Bengali Literature
700
_a
মাজদ মাহমুদ
999
_c
4277
_d
4277